Structural Analysis of Tae-Centrifuge bu using SAP-Finite Element Programme (Record no. 326231)
[ view plain ]
| 000 -LEADER | |
|---|---|
| fixed length control field | 00420 a2200133 4500 |
| 001 - CONTROL NUMBER | |
| control field | 91158 |
| 082 ## - DEWEY DECIMAL CLASSIFICATION NUMBER | |
| Classification number | PR 1043 |
| 090 ## - LOCALLY ASSIGNED LC-TYPE CALL NUMBER (OCLC); LOCAL CALL NUMBER (RLIN) | |
| -- | 43225 |
| -- | 43225 |
| 100 ## - MAIN ENTRY--PERSONAL NAME | |
| Personal name | Ahmed Chaudhary; Prof Basharatullah and K. M. Tahir (Advisors) |
| 245 ## - TITLE STATEMENT | |
| Title | Structural Analysis of Tae-Centrifuge bu using SAP-Finite Element Programme |
| Number of part/section of a work | 33 "A" EC |
| 260 ## - PUBLICATION, DISTRIBUTION, ETC. | |
| Place of publication, distribution, etc. | karachi |
| Name of publisher, distributor, etc. | NED Umiversity |
| Date of publication, distribution, etc. | 1991 |
| 300 ## - PHYSICAL DESCRIPTION | |
| Extent | viii;155p |
| 500 ## - GENERAL NOTE | |
| General note | BE Project Reports |
| 942 ## - ADDED ENTRY ELEMENTS (KOHA) | |
| Institution code [OBSOLETE] | CAE NUST |
| Call number prefix | PR 1043 |
| Withdrawn status | Lost status | Damaged status | Not for loan | Collection code | Permanent Location | Current Location | Date acquired | Total Checkouts | Full call number | Barcode | Date last seen | Price effective from | Koha item type |
|---|---|---|---|---|---|---|---|---|---|---|---|---|---|
| College of Aeronautical Engineering (CAE) | College of Aeronautical Engineering (CAE) | 04/03/2017 | PR 1043 | CAEPR-1043 | 04/05/2017 | 04/05/2017 | Book |
